| 000 | 01514nam0a2200361 i 4500 | ||
|---|---|---|---|
| 001 | RU\NLR\BIBL_A\011004249 | ||
| 005 | 20260406155447.0 | ||
| 010 |
_a9785892371391 _91500 |
||
| 021 |
_aRU _b2016-11195 _9727 |
||
| 035 | _a(NILC)RuMoRGB-008145868 | ||
| 035 | _a(NLR Aleph) 011004249 | ||
| 090 |
_a10984916 _c10984916 |
||
| 100 | _a20160302d2016 km y0rusy50 ca | ||
| 101 | 0 | _arus | |
| 102 | _aRU | ||
| 105 | _ay|||z|||000yy | ||
| 200 | 1 |
_aМатематические диктанты. Алгебра и начала анализа _e7-11 классы _eдидактические материалы _fГ. Г. Левитас |
|
| 210 |
_aМосква _cИЛЕКСА _d2016 |
||
| 215 |
_a99, [1] с. _d21 |
||
| 333 | _aДля детей старше 6 лет | ||
| 517 | 1 | _aАлгебра и начала анализа | |
| 606 |
_aАлгебра _jЗадачники _9922117 _3RU\NLR\AUTH\6619328 |
||
| 606 | 1 |
_aМатематический анализ _jЗадачники _9963473 _3RU\NLR\AUTH\6641277 |
|
| 606 | 1 |
_aМатематика _jРуководства, пособия и т.п _xДиктанты _xМетодика _91578357 _3RU\NLR\AUTH\66692403 |
|
| 686 | 1 | _aЧ426.24-28я7 | |
| 686 | 1 | _aВ151я721-4 | |
| 686 | 1 | _aВ161.1я721-4 | |
| 700 | 1 |
_8rus _7ca _aЛевитас _bГ. Г. _f1933- _gГерман Григорьевич _3RU\NLR\AUTH\777716 _9117648 |
|
| 801 | 0 |
_aRU _bРГБ _c20160215 _gRCR |
|
| 942 | _cBOOK | ||
| 980 | _aNBR | ||